书目信息 |
| 题名: |
心是孤独的猎手
|
|
| 作者: | 麦卡勒斯 著 ;张美珍 注释 | |
| 分册: | ||
| 出版信息: | 北京 中国宇航出版社 2025.01 |
|
| 页数: | 16,426页 | |
| 开本: | 21cm | |
| 丛书名: | 我的心灵藏书馆 | |
| 单 册: | ||
| 中图分类: | H319.4:I712.45 | |
| 科图分类: | ||
| 主题词: | 英语--语言读物 , 长篇小说--美国--现代 | |
| 电子资源: | ||
| ISBN: | 978-7-5159-2216-4 | |
| 000 | 00938oam2 2200277 450 | |
| 001 | 013106204 | |
| 005 | 20251022103355.68 | |
| 010 | @a978-7-5159-2216-4@dCNY59.80 | |
| 100 | @a20250227d2025 em y0chiy0120 ea | |
| 101 | 0 | @aeng@gchi |
| 102 | @aCN@b110000 | |
| 105 | @ay z 000ay | |
| 106 | @ar | |
| 200 | 1 | @a心是孤独的猎手@9xin shi gu du de lie shou@dThe heart is a lonely hunter@f(美)卡森·麦卡勒斯(Carson McCullers)著@g张美珍注释@zeng |
| 210 | @a北京@c中国宇航出版社@d2025.01 | |
| 215 | @a16,426页@d21cm | |
| 225 | 1 | @a我的心灵藏书馆@f彭萍主编 |
| 461 | 0 | @12001 @a我的心灵藏书馆 |
| 510 | 1 | @aHeart is a lonely hunter@zeng |
| 606 | 0 | @a英语@j语言读物 |
| 606 | 0 | @a长篇小说@y美国@z现代 |
| 690 | @aH319.4:I712.45@v5 | |
| 701 | 0 | @c(美)@a麦卡勒斯@9mai ka le si@c(McCullers, Carson)@4著 |
| 702 | 0 | @a张美珍@9zhang mei zhen@4注释 |
| 801 | 0 | @aCN@c20250911 |
| 905 | @a河南城建学院图书馆@dH319.4:I712.45@eM283-2@ZM283-2@f1 | |
| 心是孤独的猎手=The heart is a lonely hunter/(美)卡森·麦卡勒斯(Carson McCullers)著/张美珍注释.-北京:中国宇航出版社,2025.01 |
| 16,426页;21cm.-(我的心灵藏书馆/彭萍主编) |
| ISBN 978-7-5159-2216-4:CNY59.80 |
| ● |
| 相关链接 |
|
|
|
正题名:心是孤独的猎手
索取号:H319.4:I712.45/M283-2
 
预约/预借
| 序号 | 登录号 | 条形码 | 馆藏地/架位号 | 状态 | 备注 |
| 1 | 1635594 | 216355940 | 语言库209/209语言库 56排4列2层/ [索取号:H319.4:I712.45/M283-2] | 在馆 |